[Event "Remote email"]
[Site "Remote email"]
[Date "2014.08.06"]
[Round "?"]
[White "Steffens, Henrik"]
[Black "Doering, Joerg"]
[Result "0-1"]
[WhiteElo "1688"]
[BlackElo "1949"]
[PlyCount "46"]
[EventDate "2014.??.??"]
[EventType "tourn (corr)"]
[EventRounds "6"]
[EventCountry "GER"]
[SourceTitle "Corr 2015"]
[Source "ChessBase"]
[SourceDate "2015.07.17"]
[SourceVersion "1"]
[SourceVersionDate "2015.07.17"]
[SourceQuality "1"]

1. d4 d5 2. b4 h6 3. Bb2 Nf6 4. Nf3 a6 5. Ne5 Bd7 6. Nxd7 Nbxd7 7. g3 Nb6 8. e3 e6 9. Qf3 Bxb4+ 10. c3 Be7 11. g4 Qd7 12. Rg1 0-0-0 13. g5 hxg5 14. Rxg5 g6 15. Na3 Bxa3 16. Bxa3 Ne4 17. Re5 Rxh2 18. 0-0-0 Rxf2 19. Qh3 Rxa2 20. Bc5 Qa4 21. Bd3 Nf2 22. Qf1 Qb3 23. Rd2 Ra1+ 0-1